000 00622nam a2200265Ia 4500
005 20260121170548.0
008 008 260114s9999 xx 000 0 eng d
020 _a9783319760117
037 _aEBOOK
040 _aCRL
040 _beng
040 _cCRL
041 _2eng
041 _aeng
084 _qCRL
100 _aJean Owen, Naomi Segal
_91065410
245 0 _aOn Replacement
260 _bSpringer
260 _bSpringer
260 _c2018
856 _uhttps://link.springer.com/openurl?genre=book&isbn=978-3-319-76011-7
942 _cEBOOK
999 _c1631140
_d1631140